Advinhe o jogador pela foto 2 - Statistics

Estatísticas Gerais
  • Esse quiz foi jogado 24 vezes
  • A pontuação média é 20 de 52
Estatísticas das Respostas
Imagem Resposta % Correto
fabinho
90%
shaqiri
85%
aspas
75%
douglas costa
70%
alonso
65%
coentrao
60%
lemar
60%
rojo
55%
zaha
55%
ben yedder
50%
pavard
50%
pjanic
50%
barkley
45%
guendouzi
45%
jesus navas
45%
mario fernandes
45%
mario gomez
45%
turan
45%
allan
40%
ilicic
40%
jonas
40%
moreno
40%
paco alcacer
40%
papu gomez
40%
sarabia
40%
vela
40%
kolarov
35%
lozano
35%
motta
35%
nainggolan
35%
pastore
35%
gomes
30%
nasri
30%
promes
30%
quagliarella
30%
thauvin
30%
aurier
25%
batshuayi
25%
begovic
25%
huntelaar
25%
iheanacho
25%
manolas
25%
mariano
25%
sagna
25%
bakambu
20%
joaquim
20%
reina
20%
bony
15%
bellarabi
10%
marlon
10%
clichy
5%
malouda
0%
Nenhum quiz correspondente encontrado
Distribuição das Pontuações
Porcentagem de Pessoas com Cada Pontuação
Percentil de Números Respondidos
Sua Pontuação Histórica
Você não jogou esse quiz